| 000 | 00761nam a2200265Ia 4500 | ||
|---|---|---|---|
| 003 | OSt | ||
| 005 | 20220918221646.0 | ||
| 006 | a|||||r|||| 00| 0 | ||
| 007 | ta | ||
| 008 | 220917b |||||||| |||| 00| 0 eng d | ||
| 024 | _a202,422 | ||
| 037 | _cTextual | ||
| 040 |
_aARTS _cARTS _beng |
||
| 041 |
_2eng _aeng |
||
| 082 | _aR3g, P1(FAL/RR) | ||
| 100 |
_aMartinich A. P. Ed. _935155 |
||
| 245 | 0 | _aCompanion to analytic philosophy | |
| 260 |
_aOxford _bBlackwell publishers _c2001 |
||
| 300 |
_ax, 497 p _ccm. |
||
| 490 | _aBlcakwell companions to philosophy | ||
| 650 | _aPHILOSOPHY | ||
| 700 |
_a Sosa David Ed. _9141140 |
||
| 942 |
_hR3g, P1(FAL/RR) _cTEXL _2CC |
||
| 999 |
_c273304 _d273304 |
||